Revista Derecho Público II - 5 : Democratización de la justicia /
Guardado en:
| Formato: | Libro |
|---|---|
| Idioma: | Spanish |
| Publicado: |
Buenos Aires :
Ministerio de Justicia y Derechos Humanos de la Nación, Sistema Argentino de Información Jurídica
2013 :
|
| Etiquetas: |
Agregar Etiqueta
Sin Etiquetas, Sea el primero en etiquetar este registro!
|
| LEADER | 00574nam a22001455a 4500 | ||
|---|---|---|---|
| 001 | DER.der012470 | ||
| 008 | 180615s2013####|||||||||||||||||#||spa|| | ||
| 005 | 20230621135959.0 | ||
| 245 | 1 | 0 | |a Revista Derecho Público II - 5 : |b Democratización de la justicia / |c Barcesat, Eduardo S. |
| 260 | |a Buenos Aires : |b Ministerio de Justicia y Derechos Humanos de la Nación, |c 2013 : |b Sistema Argentino de Información Jurídica | ||
| 300 | |a 323 p. | ||
| 020 | |a 2250-7566 | ||
| 700 | 1 | |a Barcesat, Eduardo S., |e dir. | |
| 700 | 1 | |a Corti, Arístides Horacio M., |e dir. | |
| 859 | |a DERECHO |b BIB. DERECHO |p 007153 | ||
